Slovensko drahokamy v srdci Európy

Bibliographic Details
Main Author: Lacika, Ján, 1956- (Author)
Other Authors: Schreiber, Bedrich, 1926-1997 (Photographer), Shearman, Adriana (Translator), Shearman, David (Translator)
Format: Book
Language:Slovak
English
PhysicalDescription:[158] s. fareb. fotogr. 21 cm 1 CD-ROM
Published: Bratislava BoArt 2010
ISBN:9788096864034
Edition:[1. vyd.]
Subjects:

MARC

LEADER 00000nam a22000005a 4500
001 vtls010284370
003 SK-MaSNL
005 20260331205549.0
008 180809s2010 xo o g 000 0 slo
015 |a SNBA2011/07-03935 
020 |a 9788096864034  |q (brož.) 
035 |a FF5A9C98-1CE6-4449-A761-13AF813CA2A0 
035 |a urn:nbn:sk:snk-aml8p3 
035 |a urn:nbn:sk:snk-am008sn6 
040 |a SNK  |b slo  |c SNK  |e AACR2 
041 0 |a slo  |a eng 
043 |a e-xo--- 
044 |a xo  |c SK 
072 7 |a 94(437)  |x Dejiny Česka a Slovenska  |2 konspekt 
072 7 |a 904  |x Kultúrne pamiatky historického obdobia všeobecne  |2 konspekt 
080 |a 94(911.375)  |2 2001 
080 |a 911.373  |2 2001 
080 |a 904  |2 2001 
080 |a 72:904  |2 2001 
080 |a 72/76  |2 2001 
080 |a 502.2  |2 2001 
080 |a 316.7  |2 2001 
080 |a (084.12)  |2 2001 
080 |a (437.6)  |2 2001 
080 |a 94(437.6)  |2 2001 
100 1 |a Schreiber, Bedrich,  |d 1926-1997  |4 pht  |9 160288 
245 1 0 |a Slovensko  |b drahokamy v srdci Európy  |c Bedrich Schreiber ; [text: Ján Lacika] ; preklad: Adriana a David Shearman 
246 1 1 |a Slovakia 
246 3 0 |a Drahokamy v srdci Európy 
246 1 1 |a Jewels at the heart of Europe 
250 |a [1. vyd.] 
260 |a Bratislava  |b BoArt  |c 2010 
300 |a [158] s.  |b fareb. fotogr.  |c 21 cm  |e 1 CD-ROM 
546 |a Súbež. náz. a text angl. 
650 0 7 |a dejiny miest  |2 SNKPH  |9 164833 
650 0 7 |a vidiek  |x prírodné pomery  |2 SNKPH  |9 599245 
650 0 7 |a kultúrne pamiatky  |2 SNKPH  |9 2862 
650 0 7 |a architektonické pamiatky  |2 SNKPH  |9 28990 
650 0 7 |a kultúra  |2 SNKPH  |9 886 
650 0 7 |a Cities and towns  |x history  |2 SNKPHeng  |9 329765 
650 0 7 |a Countryside  |x natural conditions  |2 SNKPHeng  |9 599246 
650 0 7 |a Cultural monuments  |2 SNKPHeng  |9 266481 
650 0 7 |a Architectural monuments  |2 SNKPHeng  |9 279148 
650 0 7 |a umenie  |2 SNKPH  |9 1060 
650 0 7 |a Art  |2 SNKPHeng  |9 266209 
650 0 7 |a Culture  |2 SNKPHeng  |9 265082 
651 7 |a Slovensko  |x dejiny  |2 SNKPH  |9 13278 
651 7 |a Slovakia  |x history  |2 SNKPHeng  |9 266841 
655 7 |a fotografické publikácie  |2 SNKPH  |9 70483 
655 7 |a Photographical works  |2 SNKPHeng  |9 278887 
700 1 |a Lacika, Ján,  |d 1956-  |4 aut  |9 101502 
700 1 |a Shearman, Adriana  |4 trl  |9 327827 
700 1 |a Shearman, David  |4 trl  |9 314644 
919 |a 978-80-968640-3-4 
968 |d 90 
999 |c 1093021  |d 1094951 
952 |a SNK  |b SNK  |y PREZ  |7 0  |p 17A0702733  |o snkSC 145611  |i snk2011/11234  |8 0  |3 Príloha: 1 CD-ROM  |0 0  |1 0  |4 0  |d 2011-06-08  |f 1  |l 0  |r 2025-07-15 00:00:00  |w 2026-02-24 
952 |a SNK  |b SNK  |y PREZ  |7 0  |p 17A0704982  |o snkSC 145611/príl.  |i snk2011/11234  |8 0  |3 Príloha: 1 CD-ROM  |z Príloha  |0 0  |1 0  |4 0  |d 2011-06-08  |l 0  |r 2025-07-15 00:00:00  |w 2026-02-24